| 000 | 00861nam a2200241Ia 4500 | ||
|---|---|---|---|
| 005 | 20250108124905.0 | ||
| 008 | 008 250107s9999 xx 000 0 hin d | ||
| 020 | _a978-81-979372-9-3 | ||
| 037 | _aTB | ||
| 040 |
_aCRL _bhin _cCRL |
||
| 041 |
_aurh _2hin |
||
| 084 | _aV2:91.N91 N2 | ||
| 084 | _qCRL | ||
| 100 | _aखान, अब्दुल अजीम, ले. | ||
| 245 | 0 |
_aसफर - ए - एहसासात् _cखान, अब्दुल अजीम, ले. |
|
| 260 |
_aरायपुर, भारत _bगुडविल इनीशियेटिव _c2566 |
||
| 300 | _a164पृ0 | ||
| 365 |
_aINR _b225 |
||
| 546 | _aTranslated from Urdu to Hindi | ||
| 650 |
_aहिन्दी कविताहिन्दी साहित्य _9729733 |
||
| 942 |
_cTB _hV2:91.N91 N2 |
||
| 999 |
_c1234954 _d1234954 |
||